Vocabulaire anglais medecine - Statistiques

Statistiques générales
  • Ce quiz a été pris 37 fois
    34 depuis la dernière actualisation
  • Le résultat moyen est 13 sur 207
Statistiques - réponses
Hint Réponse % Correct
Dent Tooth
76%
Douleur Pain
72%
paume palm
52%
traitement treatment
52%
Rendez-vous Appointment
44%
gorge throat
44%
front forehead
40%
foie Liver
40%
AVC stroke
36%
coude elbow
32%
Scoliose Scoliosis
32%
Anormal Abnormal
24%
analyser analyse
24%
poitrine chest
24%
Diarrhée Diarrhea
24%
Poumon Lung
24%
régénérer regenerate
24%
salive saliva
24%
médicament drugs
20%
infarctus heart attack
20%
Cou Neck
20%
grossesse pregnancy
20%
prescrire, ordonner prescribe
20%
cuisse thigh
20%
menton chin
16%
Maladie de lyme Lyme disease
16%
Téton Nipple
16%
pharmacien pharmacist
16%
analyse analysis
12%
artère artery
12%
Arthrose Arthrosis
12%
clair clear
12%
urgence emergency
12%
paupière eyelid
12%
maux de tête headache
12%
foie liver
12%
rougeole measles
12%
pediatre pediatrician
12%
côte rib
12%
Pouce Thumb
12%
visuel visual
12%
diagnoctic diagnosis
8%
haltères dumbbells
8%
cil eyelash
8%
fertiliser fertilise
8%
gencive gum
8%
moitiés halves
8%
Hépatite Hepatitis
8%
baume pour les lèvres lip balm
8%
douloureux painfull
8%
ordonnance prescription
8%
plante du pied sole
8%
traiter, soigner treat
8%
dents de sagesse wisdom teeth
8%
Empirer Worsen
8%
dependance addiction
4%
anti poison antidote
4%
Mauvaise haleine bad breath
4%
planche d'équilibre balance board
4%
faillite bankrupt
4%
appareil dentaire braces
4%
fesse buttock
4%
coaguler coagulate
4%
faire un diagnostic diagnose
4%
diététicien dietetician
4%
pharmacie aux US drugstore
4%
elliptique elliptical
4%
excessif excessive
4%
Inflammation des gencives Gingivitis
4%
Bonne santé Healthy
4%
immunisé immune
4%
transmettre un virus infect
4%
grippe influenza
4%
boite de saut jump box
4%
bain de bouche mouthwash
4%
nombril navel
4%
en option optionnal
4%
Kinésithérapeutes Physiotherapist
4%
empoisonnement poisoning
4%
manipulateur radio Radiographer
4%
épaisseur thickness
4%
s'allonger to lie down
4%
carie dentaire tooth decay
4%
torse torso
4%
vue vision
4%
Uterus womb
4%
tapis de yoga yoga mat
4%
efficacité médicament activity
0%
poids chevilles ankle weights
0%
tablier apron
0%
évaluation, estimation assessment
0%
mycose du pied athlete's foot
0%
bactérie bacterium
0%
barre (haltères) barbell
0%
cordes à secouer battle ropes
0%
ampoule blister
0%
laiton brass
0%
respirer par la bouche breathe trough the mouth
0%
maison close brothels
0%
accumulation de bactéries buildup of bad bacteria
0%
extension mollet calf raises
0%
gellule capsule
0%
personnel soignant caregiver
0%
plis du menton chin tucks
0%
podologue chiropodist
0%
précision clarity
0%
comprimé coated pill
0%
comprimé compressed pills
0%
dents fendues cracked teeth
0%
béquilles crutches
0%
guérir cure
0%
guerison cure
0%
cuspide cusp
0%
soulevé de terre deadlift
0%
carence deficiency
0%
trisomie 21 down's syndrome
0%
perfusion drip
0%
somnolence drowsiness
0%
comprimé effervescent effervescent tablet
0%
interroger, ausculter examine
0%
excédent excess
0%
Antécédents familiaux Family background
0%
Bonne santé Fit
0%
rouleau de mousse foam roller
0%
de la naissance à la mort from cradle to grave
0%
Vésicule biliaire Gall bladder
0%
capsule gélifiée gelcap
0%
grincer des dents grinding teeth
0%
Cicatriser Healing
0%
brulure destomac heatburn
0%
Personne dépendante à l'héroïne héroine addict
0%
Jusqu'à présent hitherto
0%
mélange / fourre-tout hotchpotch
0%
courbé/vouté hunched
0%
schnouff illicite drugs
0%
Piqûre Injection
0%
Articulation Joint
0%
poids avec une ance kettlebell
0%
haricot sorte de bassin en forme d’haricot kidney dish
0%
insuffisance rénale kidney failure
0%
gros intestin colon large bowel
0%
anarchie lawlessness
0%
lait corps lotion
0%
fente lunges
0%
Dossier Medical file
0%
Antécédents médicaux Medical history
0%
Dossier Medical record
0%
poids sous forme de balle medicine ball
0%
médicament medicines
0%
sage femme midwife
0%
azote nitrogen
0%
bloquer, entraver obstruct
0%
pommade ointment
0%
faire fonctionner operate
0%
option, réservation option
0%
Médicament périmé out dating drug
0%
médicament sans ordonnance over-the-counter OTC
0%
vaseline petroleum jelly
0%
hemoroides piles
0%
planche plank
0%
plyométrie plyometric
0%
podologue podiatrist
0%
brancardière porter
0%
prévu predicted
0%
pronostic prognosis
0%
poul pulse rate
0%
Guérison Recovery
0%
Courrier Référent mail
0%
Rechuter Relapse
0%
médicament remedy
0%
élastiques resistance band
0%
décollement de la rétine retinal detachment
0%
rhume rhinitis
0%
tirage (machine) rowing machine
0%
te brosser la langue scrape your tongue
0%
zona shingles
0%
piqûre (familier) shot
0%
corde à sauter skipping rope
0%
avachi slouching
0%
bidonvilles slums
0%
capsule gelifiée softgel
0%
orthophoniste speech therapist
0%
Colone vertebrale Spine back bone
0%
entorse sprain
0%
escalier (machine) stair climber
0%
vélo stationner bike
0%
rigide stiff
0%
brancard stretcher
0%
grosse balle rebondissante swiss ball
0%
seringue syringe
0%
sirop syrup
0%
tempe temple
0%
Tendinite Tendonitis
0%
papier alu tinfoil
0%
incliner la tête To tilt one’s head
0%
garrot tourniquet
0%
plateau tray
0%
tapis roulant treadmill
0%
sous-jacent underlying
0%
Valve Valve
0%
flacons vials
0%
déambulateur walker
0%
chaise contre le mur wall sit
0%
fauteuil roulant wheelchair
0%
coup du lapin whiplash injury
0%
syndrome de manque withdrawal reactions
0%
protège poignet wrist pad
0%
Aucun quiz correspondant
Distribution des résultats
% des personnes avec chaque résultat
Percentile par nombre de réponses
Votre historique - résultats
Vous n’avez pas pris ce quiz depuis la dernière actualisation